แสดงรายละเอียดบรรณานุกรม
  กลับหน้าหลัก

Brief Record : Get Marc (ISO 2709) : E-mail record : QR code ปิดหน้าต่าง
LEADER 00000nama 2200000uu 4500
008    040531s2543 th m m a000 0 tha d
041    tha
050    LB1052 ส225ร 2543
100    สำนักงานปฏิรูปการศึกษา
245    ร่างกฏหมายหลักเพื่อการปฏิรูปการศึกษา 002
246    กฏหมาย พระราชบัญญัติการศึกษาพระราชบัญญัติร่างกฏหมายหลักกฏหมาย - ฉบับร่าง
260    กรุงเทพฯ สำนักงานปฏิรูปการศึกษา 2543
300    152 หน้า
650    ปฏิรูปการศึกษา - กฏหมาย
998    2001-05-23
รายการนี้ยังไม่มีแท็ก
คุณยังไม่ได้ล็อกอิน คุณสามารถมีกิจกรรมร่วมกับเว็บไซต์ได้ แต่ต้องล็อกอินก่อน ::
  ล็อกอิน
ลำดับที่ ประเภท เลขเรียก สถานที่ สถานะ
1. หนังสือทั่วไป
หนังสือทั่วไป
LB1052 ส225ร 2543  
  
หนังสือทั่วไป On Shelf
  ขอยืม
   [แสดง 1/1 รายการ]

รายการใกล้เคียง
    ผู้แต่ง [สำนักงานปฏิรูปการศึกษา]

BibComment


ยังไม่เคยถูกคอมเมนท์

คอมเมนท์ทรัพยากรรายการนี้
  คอมเมนท์: ร่างกฏหมายหลักเพื..
Bib 185984

 
 
 

 Union Library Management : ULibM
Copyright 2026. All Rights Reserved.
скачать бесплатно без регистрации порно красивый секс HD Sex Hindi sex

xxx gou

xxxx

bfxxx

xxxwww

Секса Видео

xxxx

Секса Видео

detube

geilexxx

C99 Shell

worms shell

blod xxx video
Ebony Coed Rihanna Rimes Takes A Dick In Her Young Twat priyaa indian fuck anal and pusssy hardcore indian women xxx desi hardcore fucking part 1 bengalixxxcouple